|
|
|
|
| LEADER |
00000nam0a2200000 4500 |
| 001 |
249469 |
| 005 |
20231101232457.0 |
| 020 |
|
|
|a RU
|b 88-88102
|
| 035 |
|
|
|a (RuTPU)RU\TPU\book\271557
|
| 090 |
|
|
|a 249469
|
| 100 |
|
|
|a 20140205d1988 m y0rusy5003 ca
|
| 101 |
0 |
|
|a rus
|
| 102 |
|
|
|a RU
|
| 105 |
|
|
|a a j 001zy
|
| 200 |
1 |
|
|a Динамические характеристики РЭА и расчет систем виброзащиты
|e учебное пособие
|f С. А. Лабутин, М. М. Седых
|g Горьковский политехнический институт имени А. А. Жданова (ГПИ)
|
| 210 |
|
|
|a Горький
|c ГПИ
|d 1988
|
| 215 |
|
|
|a 84 с.
|c ил.
|d 20 см
|
| 320 |
|
|
|a Библиогр.: с. 84 (13 назв.).
|
| 606 |
1 |
|
|a Радиоэлектронная аппаратура
|x Виброзащита
|2 stltpush
|3 (RuTPU)RU\TPU\subj\23376
|9 47986
|
| 610 |
1 |
|
|a виброустойчивость
|
| 610 |
1 |
|
|a РЭА
|
| 610 |
1 |
|
|a конструкции
|
| 610 |
1 |
|
|a динамические модели
|
| 610 |
1 |
|
|a системы с конечным числом степени
|
| 610 |
1 |
|
|a динамические характеристики
|
| 610 |
1 |
|
|a исследование
|
| 610 |
1 |
|
|a моделирование
|
| 610 |
1 |
|
|a механические воздействия
|
| 610 |
1 |
|
|a защита
|
| 610 |
1 |
|
|a печатные платы
|
| 610 |
1 |
|
|a вынужденные колебания
|
| 610 |
1 |
|
|a расчет на ЭВМ
|
| 610 |
1 |
|
|a учебные пособия
|
| 675 |
|
|
|a 621.396.6-7(075.8)
|z rus
|v 3
|
| 700 |
|
1 |
|a Лабутин
|b С. А.
|g Сергей Александрович
|4 070
|
| 701 |
|
1 |
|a Седых
|b М. М.
|g Михаил Михайлович
|4 070
|
| 712 |
0 |
2 |
|a Горьковский политехнический институт имени А. А. Жданова (ГПИ)
|c (1950-1990)
|2 stltpush
|3 (RuTPU)RU\TPU\col\2321
|
| 801 |
|
0 |
|a RU
|b RuMRKP
|c 19950417
|g psbo
|
| 801 |
|
1 |
|a RU
|b 63413507
|c 20140205
|
| 801 |
|
2 |
|a RU
|b 63413507
|c 20140214
|g RCR
|
| 942 |
|
|
|c BK
|